000 00748nam a22002057a 4500
999 _c13439
_d13439
003 AR-CdUCM
008 190415b ||||| |||| 00| 0 spa d
040 _aMUNICIPALIDAD PROVINCIAL DEL CUSCO
_cBIBLIOTECA MUNICIPAL DEL CUSCO
082 _aC /340.8 /
_bH71
100 _aHolgado Valer, Enrique
_931528
245 _aIndice concordado de ejecutorias supremas 1912 a 1945 /
260 _aCuszco :
_bTipografia Americana,
_c1949.
300 _a108 paginas ;
_c31 cm.
505 _aContenido :Abandono -- Acreedor -- Apelación -- Bienes Gananciales -- Cobro de honorarios ...
650 _aEjecutorias supremas
_931861
650 _aContratos
_98317
650 _aInterdicción civil
_931862
942 _2ddc
_cLIBROS
945 _awnts
_d2019-04-15